| 000 | 01769cam a22004337a 4500 | ||
|---|---|---|---|
| 003 | CHAP | ||
| 005 | 20220329142248.0 | ||
| 008 | 971013m1998 mx rs o00110 spa d | ||
| 010 | _a80721 | ||
| 011 | _a81693 | ||
| 020 | _a9701320719 | ||
| 035 | _a92169 | ||
| 040 | _cCHAP | ||
| 082 | 0 | 4 |
_a312.0972 _bI53 Gro. |
| 110 | 2 |
_aInstituto Nacional de Estadística, Geografía e Informática. México _959304 |
|
| 245 | 1 | 0 |
_aEstadísticas vitales del estado de Guerrero _c/por Instituto Nacional de Estadística, Geografía e Informática |
| 260 |
_aAguascalientes, Ags. : _bInstituto Nacional de Estadística, Geografía e Informática, _c1998-19 |
||
| 300 |
_av. : _bgráfs. ; cuadros |
||
| 500 | _aLa biblioteca tiene : 1990-96, 1997, 1998, 1999 | ||
| 590 |
_aBATCH-UPD _b10 _c20130110 _lUCH01 _h0527 |
||
| 590 |
_aBATCH-UPD _b10 _c20130110 _lUCH01 _h2309 |
||
| 590 |
_aBATCH-UPD _b10 _c20130410 _lUCH01 _h0207 |
||
| 590 |
_aBATCH-UPD _b10 _c20130410 _lUCH01 _h1600 |
||
| 590 |
_aBATCH-UPD _b10 _c20130914 _lUCH01 _h1555 |
||
| 590 |
_aCONVERSION _b10 _c20130109 _lUCH01 _h1345 |
||
| 650 | 1 | 4 |
_aDivorcio. _933034 |
| 650 | 1 | 4 |
_aGuerrero _xEstadísticas. _951184 |
| 650 | 1 | 4 |
_aMatrimonio. _973048 |
| 650 | 1 | 4 |
_aMuerte. _979284 |
| 650 | 1 | 4 |
_aPoblación _xEstadísticas _zGuerrero. _989381 |
| 650 | 1 | 4 |
_aPoblación _zGuerrero. _989423 |
| 901 | _aBK | ||
| 905 | _aGuadalupe Pinto C. | ||
| 942 | _cLIBRO | ||
| 949 |
_a312.0972 I53 Gro. _bBC _cINEGI _d33724000776456 _eINEGI _f1990-96 _h97060 _i92169 _sb |
||
| 949 |
_a312.0972 I53 Gro. _bBC _cINEGI _d33724000812301 _eINEGI _f1998 _h97966 _i92169 _sb |
||
| 949 |
_a312.0972 I53 Gro. _bBC _cINEGI _d33724000835872 _eINEGI _f1997 _gDonaciØn _h100320 _i92169 _si |
||
| 949 |
_a312.0972 I53 Gro. _bBC _cINEGI _d33724000852463 _eINEGI _f1999 _h101375 _i92169 _sb |
||
| 999 |
_c80721 _d80721 |
||